000 00494nam a2200133Ia 4500
008 100328s9999 xx 000 0 und d
082 _b72737
100 _aसोनवणी संजय.
245 _aहिंदू धर्माचे शैव रहस्य
260 _bभारत बुक हाऊस
630 _aहिंदू धर्माचे शैव रहस्य
730 _aहिंदू धर्माचे शैव रहस्य
942 _cBOOK
999 _c558458
_d558455